Reactivity of the mesenteric bed arteries of normotensive rats exposed to chronic social stress

Podrobná bibliografia
Hlavní autori: Púzserová, Angelika (Autor), Török, Jozef, 1937- (Autor), Sotníková, Ružena, 1946- (Autor), Zemančíková, Anna (Autor), Bernátová, Iveta, 1967- (Autor)
Médium: Článok
Jazyk:slovenčina
angličtina

MARC

LEADER 00000nab a2200000 a 4500
001 vtls010736794
003 SK-MaSNL
005 20260413174721.0
008 250709s2012 xo |||||||||||||||||slo|
035 |a (urnnbn)urn:nbn:sk:snk:ar-a05j1r 
035 |a (uuid)9f964d83-85ed-459c-b7e3-bb622bd8788f 
035 |a urn:nbn:sk:snk-ab3y46 
040 |a SNKBUCL  |b slo  |c SNKBUCL  |e AACR2 
041 0 |a eng 
044 |a xo  |c SK 
100 1 |a Púzserová, Angelika  |4 aut  |9 324536 
245 1 0 |a Reactivity of the mesenteric bed arteries of normotensive rats exposed to chronic social stress  |c Angelika Puzserova, Jozef Torok, Ruzena Sotnikova, Anna Zemancikova, Iveta Bernatova 
700 1 |a Török, Jozef,  |d 1937-  |4 aut  |9 39893 
700 1 |a Sotníková, Ružena,  |d 1946-  |4 aut  |9 155415 
700 1 |a Zemančíková, Anna  |4 aut  |9 348410 
700 1 |a Bernátová, Iveta,   |d 1967-  |4 aut  |9 190569 
773 0 |t General physiology and biophysics : an international journal  |g Roč. 31, č. 3 (2012), s. 279-290 
850 |a Slovenská národná knižnica 
852 |a Slovenská národná knižnica 
958 |a article1 
958 |a OND 
958 |a EUIPO 
999 |c 3064560  |d 3066490